00695nam a22002177a 450000500170000000800410001701700120005801800090007002000180007904000240009705000170012108200100013810000230014824501000017126001170027130000220038856300110041065000250042165000190044665000120046520251018093613.0230927b |||||||| |||| 00| 0 eng d aLD.2472 a2025 a9789789995943 aNLNbEnglisheAACR2 aBV4811b.U99 a242.2 aUZEZI, Juditheaut aThe Omer : byour light portion of your daily devotional and prayers on the go! /cJudith Uzezi aBenin-city, Edo State (22 Benin Technical College Road, Ugbowo P.O.Box 5089) :bMindex Publishing Company,c2022 avi, 120p. ;b20cm a(pbk.) aDevotional Calendars aChristian life aPrayers